[Event "2012"]
[Site "Pyhajarve"]
[Date "2012.11.25"]
[Round "19.1"]
[White "OZOLINS, Aris"]
[Black "SHORT, Nigel"]
[Result "0-1"]
[LiveChessVersion "1.3.1"]
[BlackElo "2702"]
[WhiteElo "2177"]

1. e4 {[%clk 0:13:59]} e6 {[%clk 0:06:00]} 2. c4 {[%clk 0:13:57]} d5
{[%clk 0:05:58]} 3. exd5 {[%clk 0:13:56]} exd5 {[%clk 0:05:57]} 4. d4
{[%clk 0:13:55]} Nf6 {[%clk 0:05:56]} 5. Nf3 {[%clk 0:13:54]} Bb4+
{[%clk 0:05:55]} 6. Nc3 {[%clk 0:13:53]} O-O {[%clk 0:05:53]} 7. Be2
{[%clk 0:13:52]} dxc4 {[%clk 0:05:51]} 8. O-O {[%clk 0:13:51]} Bxc3
{[%clk 0:05:39]} 9. bxc3 {[%clk 0:13:50]} Be6 {[%clk 0:05:39]} 10. Ne5
{[%clk 0:13:48]} Nc6 {[%clk 0:05:34]} 11. Bxc4 {[%clk 0:13:34]} Nxe5
{[%clk 0:05:20]} 12. Bxe6 {[%clk 0:13:33]} fxe6 {[%clk 0:05:18]} 13. dxe5
{[%clk 0:13:32]} Qxd1 {[%clk 0:05:11]} 14. Rxd1 {[%clk 0:13:30]} Ne4
{[%clk 0:05:06]} 15. Be3 {[%clk 0:13:20]} Nxc3 {[%clk 0:05:03]} 16. Rd7
{[%clk 0:13:07]} Rf7 {[%clk 0:05:02]} 17. Rd3 {[%clk 0:13:00]} Nd5
{[%clk 0:05:01]} 18. g3 {[%clk 0:12:49]} b6 {[%clk 0:05:00]} 19. f4
{[%clk 0:12:46]} c5 {[%clk 0:04:59]} 20. a4 {[%clk 0:12:39]} Rc8 {[%clk 0:04:56]}
21. Kf2 {[%clk 0:12:36]} c4 {[%clk 0:04:55]} 22. Rdd1 {[%clk 0:12:35]} a6
{[%clk 0:04:52]} 23. Rdb1 {[%clk 0:12:31]} Rb7 {[%clk 0:04:50]} 24. Ke2
{[%clk 0:12:14]} Nc3+ {[%clk 0:04:48]} 25. Kd2 {[%clk 0:12:10]} Nxb1+
{[%clk 0:04:47]} 26. Rxb1 {[%clk 0:12:09]} Rd8+ {[%clk 0:04:43]} 27. Kc2
{[%clk 0:12:08]} b5 {[%clk 0:04:43]} 28. Bc5 {[%clk 0:12:04]} Rd3
{[%clk 0:04:39]} 29. axb5 {[%clk 0:11:58]} axb5 {[%clk 0:04:38]} 30. Ra1
{[%clk 0:11:50]} Kf7 {[%clk 0:04:33]} 31. g4 {[%clk 0:11:42]} b4 {[%clk 0:04:31]}
32. Ra8 {[%clk 0:11:38]} b3+ {[%clk 0:04:28]} 0-1

[Event "2012"]
[Site "Pyhajarve"]
[Date "2012.11.25"]
[Round "19.3"]
[White "HAAVAMAE, Henrik"]
[Black "KULAOTS, Kaido"]
[Result "0-1"]
[LiveChessVersion "1.3.1"]
[BlackElo "2537"]
[WhiteElo "1902"]

1. e4 c5 2. Nf3 {[%clk 0:15:58]} e6 3. d4 cxd4 {[%clk 0:03:58]} 4. Nxd4 a6 5. Nc3
{[%clk 0:15:55]} b5 {[%clk 0:03:55]} 6. a3 {[%clk 0:15:31]} Bb7 {[%clk 0:03:54]}
7. Bd3 {[%clk 0:15:06]} Nc6 {[%clk 0:03:53]} 8. Be3 {[%clk 0:14:45]} Nf6
{[%clk 0:03:43]} 9. O-O {[%clk 0:14:39]} d6 {[%clk 0:03:38]} 10. f4
{[%clk 0:14:03]} Be7 {[%clk 0:03:38]} 11. Qf3 {[%clk 0:13:35]} Qc7
{[%clk 0:03:34]} 12. Kh1 {[%clk 0:13:17]} h5 {[%clk 0:03:28]} 13. h3
{[%clk 0:12:15]} g6 {[%clk 0:03:24]} 14. Qg3 {[%clk 0:11:26]} h4 {[%clk 0:03:19]}
15. Qf3 {[%clk 0:11:16]} Nh5 {[%clk 0:03:15]} 16. Nce2 {[%clk 0:10:48]} Bf6
{[%clk 0:03:09]} 17. c3 {[%clk 0:10:30]} e5 {[%clk 0:02:50]} 18. Nxc6
{[%clk 0:09:30]} Bxc6 {[%clk 0:02:49]} 19. fxe5 {[%clk 0:09:08]} Bxe5
{[%clk 0:02:44]} 20. Bd4 {[%clk 0:08:31]} O-O {[%clk 0:02:35]} 21. Qg4
{[%clk 0:07:29]} Qe7 {[%clk 0:02:35]} 22. Rf5 {[%clk 0:06:38]} Bd7
{[%clk 0:02:29]} 23. Bxe5 {[%clk 0:06:09]} dxe5 {[%clk 0:02:09]} 24. Qg5
{[%clk 0:05:50]} Qxg5 {[%clk 0:02:04]} 25. Rxg5 {[%clk 0:05:49]} f6
{[%clk 0:01:58]} 26. Rxg6+ {[%clk 0:05:11]} Kh7 {[%clk 0:01:57]} 27. Rg4
{[%clk 0:04:58]} Bxg4 {[%clk 0:01:56]} 28. hxg4 {[%clk 0:04:57]} Ng7
{[%clk 0:01:51]} 29. Kh2 {[%clk 0:04:23]} Ne6 {[%clk 0:01:48]} 30. Kh3
{[%clk 0:04:08]} Rad8 {[%clk 0:01:43]} 31. Rd1 {[%clk 0:03:58]} Nc5
{[%clk 0:01:38]} 32. Nc1 {[%clk 0:03:44]} Rd6 {[%clk 0:01:33]} 33. b4
{[%clk 0:03:23]} Na4 {[%clk 0:01:32]} 34. Kxh4 {[%clk 0:02:48]} Rfd8
{[%clk 0:01:31]} 35. Rd2 {[%clk 0:02:37]} Kg7 {[%clk 0:01:26]} 36. g5
{[%clk 0:02:31]} Nxc3 {[%clk 0:01:18]} 37. gxf6+ {[%clk 0:02:29]} Kf7
{[%clk 0:01:16]} 38. g4 {[%clk 0:02:19]} Nxe4 {[%clk 0:01:09]} 39. Re2
{[%clk 0:02:13]} Rh8# {[%clk 0:01:08]} 0-1

[Event "2012"]
[Site "Pyhajarve"]
[Date "2012.11.25"]
[Round "19.4"]
[White "SMITH, Axel"]
[Black "VOROBJOV, Pavel"]
[Result "0-1"]
[LiveChessVersion "1.3.1"]
[BlackElo "2206"]
[WhiteElo "2490"]

1. Nf3 {[%clk 0:07:59]} d5 {[%clk 0:11:59]} 2. c4 {[%clk 0:07:58]} d4
{[%clk 0:11:57]} 3. b4 {[%clk 0:07:56]} c5 {[%clk 0:11:47]} 4. Bb2
{[%clk 0:07:38]} f6 {[%clk 0:11:11]} 5. e3 {[%clk 0:07:06]} e5 {[%clk 0:11:03]}
6. exd4 {[%clk 0:07:04]} cxd4 {[%clk 0:10:47]} 7. c5 {[%clk 0:06:59]} Ne7
{[%clk 0:10:36]} 8. Bc4 {[%clk 0:06:51]} Ng6 {[%clk 0:08:39]} 9. O-O
{[%clk 0:06:38]} Nc6 {[%clk 0:08:35]} 10. Qb3 {[%clk 0:06:30]} Qc7
{[%clk 0:08:26]} 11. Re1 {[%clk 0:06:26]} Be7 {[%clk 0:08:10]} 12. Na3
{[%clk 0:05:41]} Bg4 {[%clk 0:07:44]} 13. Nb5 {[%clk 0:05:38]} Qd7
{[%clk 0:07:42]} 14. a3 {[%clk 0:05:17]} a6 {[%clk 0:07:29]} 15. Nd6+
{[%clk 0:04:58]} Bxd6 {[%clk 0:07:28]} 16. cxd6 {[%clk 0:04:57]} Qxd6
{[%clk 0:07:14]} 17. h3 {[%clk 0:04:52]} Bf5 {[%clk 0:06:26]} 18. Rac1
{[%clk 0:04:39]} Nf4 {[%clk 0:06:07]} 19. Nh4 {[%clk 0:03:46]} Be6
{[%clk 0:06:01]} 20. Bxe6 {[%clk 0:03:39]} Qxe6 {[%clk 0:05:48]} 21. Qf3
{[%clk 0:03:34]} Kf7 {[%clk 0:05:32]} 22. Qe4 {[%clk 0:03:33]} Qd5
{[%clk 0:05:16]} 23. Qxd5+ {[%clk 0:03:23]} Nxd5 24. Nf5 Rhd8 {[%clk 0:05:10]}
25. Rc4 {[%clk 0:03:17]} h5 {[%clk 0:04:59]} 26. Ng3 {[%clk 0:03:15]} Nf4
{[%clk 0:04:46]} 27. Rb1 {[%clk 0:03:06]} Rac8 {[%clk 0:04:40]} 28. Ne4
{[%clk 0:03:04]} Ke7 {[%clk 0:04:29]} 29. Nc5 {[%clk 0:03:04]} Na7
{[%clk 0:04:15]} 30. g3 {[%clk 0:02:48]} Nd3 {[%clk 0:04:03]} 31. Kf1
{[%clk 0:02:12]} Nxb2 {[%clk 0:03:57]} 32. Rxb2 {[%clk 0:02:07]} b6
{[%clk 0:03:56]} 33. Ke2 {[%clk 0:01:48]} bxc5 {[%clk 0:03:54]} 34. bxc5
{[%clk 0:01:47]} Nb5 {[%clk 0:03:39]} 35. a4 {[%clk 0:01:41]} Nc7
{[%clk 0:03:34]} 36. Rb7 {[%clk 0:01:39]} Kd7 {[%clk 0:03:30]} 37. c6+
{[%clk 0:01:39]} Kd6 {[%clk 0:03:29]} 38. Kd3 {[%clk 0:01:36]} Rb8
{[%clk 0:03:16]} 39. Rcb4 {[%clk 0:01:35]} Rxb7 {[%clk 0:03:07]} 40. cxb7
{[%clk 0:01:33]} Rb8 {[%clk 0:03:06]} 41. Ke4 {[%clk 0:01:27]} Nd5
{[%clk 0:02:58]} 42. Rb1 {[%clk 0:01:21]} g6 {[%clk 0:02:57]} 43. g4
{[%clk 0:01:17]} hxg4 {[%clk 0:02:37]} 44. hxg4 {[%clk 0:01:17]} Ne7
{[%clk 0:02:32]} 45. Rb6+ {[%clk 0:01:13]} Nc6 {[%clk 0:02:31]} 46. Rb1
{[%clk 0:01:07]} Rf8 {[%clk 0:02:15]} 47. Rc1 {[%clk 0:00:55]} f5+
{[%clk 0:02:13]} 48. gxf5 {[%clk 0:00:54]} gxf5+ {[%clk 0:02:12]} 49. Kd3
{[%clk 0:00:54]} Rb8 {[%clk 0:02:06]} 50. Rb1 {[%clk 0:00:53]} Kc5
{[%clk 0:01:59]} 51. Ke2 {[%clk 0:00:46]} e4 {[%clk 0:01:51]} 52. f3
{[%clk 0:00:42]} Na5 {[%clk 0:01:44]} 53. fxe4 {[%clk 0:00:40]} fxe4
{[%clk 0:01:43]} 54. Rh1 {[%clk 0:00:37]} Rxb7 {[%clk 0:01:40]} 55. Rh5+
{[%clk 0:00:36]} Kb4 {[%clk 0:01:39]} 56. Re5 {[%clk 0:00:32]} Kxa4
{[%clk 0:01:30]} 57. Rxe4 {[%clk 0:00:31]} Nb3 {[%clk 0:01:28]} 58. Re6
{[%clk 0:00:28]} a5 {[%clk 0:01:27]} 59. Rd6 {[%clk 0:00:25]} Kb4
{[%clk 0:01:25]} 60. Kd3 {[%clk 0:00:24]} Rc7 61. Rb6+ {[%clk 0:00:23]} Ka3
{[%clk 0:01:21]} 62. Rb8 {[%clk 0:00:21]} a4 {[%clk 0:01:19]} 63. Rb6
{[%clk 0:00:20]} Kb2 {[%clk 0:01:18]} 64. Rh6 {[%clk 0:00:14]} a3
{[%clk 0:01:17]} 65. Rh1 {[%clk 0:00:13]} a2 {[%clk 0:01:16]} 0-1

[Event "2012"]
[Site "Pyhajarve"]
[Date "2012.11.25"]
[Round "19.5"]
[White "SEPP, Olav"]
[Black "REBANE, Raul"]
[Result "1-0"]
[LiveChessVersion "1.3.1"]
[BlackElo "2147"]
[WhiteElo "2446"]

1. Nf3 {[%clk 0:05:59]} c6 {[%clk 0:14:00]} 2. g3 d5 3. Bg2 g6 4. O-O
{[%clk 0:05:55]} Bg7 {[%clk 0:13:59]} 5. d3 {[%clk 0:05:54]} Nf6 {[%clk 0:13:58]}
6. Nbd2 {[%clk 0:05:50]} O-O {[%clk 0:13:56]} 7. e4 {[%clk 0:05:49]} Bg4
{[%clk 0:13:51]} 8. h3 {[%clk 0:05:47]} Bxf3 {[%clk 0:13:50]} 9. Qxf3
{[%clk 0:05:46]} e6 {[%clk 0:13:49]} 10. Qe2 {[%clk 0:05:43]} a5 {[%clk 0:13:22]}
11. a4 {[%clk 0:05:40]} Na6 {[%clk 0:13:21]} 12. e5 {[%clk 0:05:31]} Nd7
{[%clk 0:13:21]} 13. d4 {[%clk 0:05:30]} c5 {[%clk 0:13:14]} 14. c3
{[%clk 0:05:27]} cxd4 {[%clk 0:13:10]} 15. cxd4 {[%clk 0:05:26]} Nb4
{[%clk 0:13:04]} 16. Nb3 {[%clk 0:05:20]} Qb6 {[%clk 0:12:27]} 17. Be3
{[%clk 0:05:15]} Rac8 {[%clk 0:12:13]} 18. Rfc1 {[%clk 0:05:13]} Nb8
{[%clk 0:12:03]} 19. Nc5 {[%clk 0:05:09]} Rfd8 {[%clk 0:11:43]} 20. Bf1
{[%clk 0:05:03]} N8c6 {[%clk 0:11:36]} 21. Qb5 {[%clk 0:04:57]} Qxb5
{[%clk 0:11:09]} 22. axb5 {[%clk 0:04:56]} Ne7 {[%clk 0:11:07]} 23. Nxb7
{[%clk 0:04:51]} Rxc1 {[%clk 0:10:02]} 24. Rxc1 {[%clk 0:04:50]} Rb8
{[%clk 0:10:02]} 25. Nxa5 {[%clk 0:04:48]} Nf5 {[%clk 0:08:50]} 26. Nc6
{[%clk 0:04:30]} Nxc6 {[%clk 0:08:48]} 27. bxc6 {[%clk 0:04:29]} 1-0

[Event "2012"]
[Site "Pyhajarve"]
[Date "2012.11.25"]
[Round "19.6"]
[White "NYBACK, Tomi"]
[Black "SCHULS, Olev"]
[Result "1-0"]
[LiveChessVersion "1.3.1"]
[BlackElo "2224"]
[WhiteElo "2631"]

1. d4 {[%clk 0:05:58]} c5 {[%clk 0:13:51]} 2. d5 {[%clk 0:05:55]} e5
{[%clk 0:13:50]} 3. c4 {[%clk 0:05:50]} d6 {[%clk 0:13:50]} 4. Nc3
{[%clk 0:05:48]} Be7 {[%clk 0:13:34]} 5. g3 {[%clk 0:05:43]} h5 {[%clk 0:13:25]}
6. h4 {[%clk 0:05:34]} Nf6 {[%clk 0:13:23]} 7. Bg2 {[%clk 0:05:27]} Na6
{[%clk 0:13:23]} 8. e4 {[%clk 0:05:18]} Nc7 {[%clk 0:13:22]} 9. Nge2
{[%clk 0:05:14]} a6 {[%clk 0:13:21]} 10. a4 {[%clk 0:04:33]} b6 {[%clk 0:13:20]}
11. Rb1 {[%clk 0:04:22]} a5 {[%clk 0:13:02]} 12. f3 {[%clk 0:04:19]} Na6
{[%clk 0:12:58]} 13. Be3 {[%clk 0:04:16]} Nb4 {[%clk 0:12:57]} 14. Kd2
{[%clk 0:03:58]} Bd7 {[%clk 0:12:49]} 15. b3 {[%clk 0:03:56]} Qc7
{[%clk 0:12:33]} 16. Bh3 {[%clk 0:03:51]} Bxh3 {[%clk 0:12:22]} 17. Rxh3 Qd7 18.
Rh2 {[%clk 0:03:46]} Kd8 {[%clk 0:12:18]} 19. Qg1 {[%clk 0:03:31]} Kc8
{[%clk 0:12:12]} 20. Qg2 {[%clk 0:03:29]} g6 {[%clk 0:11:36]} 21. Rg1
{[%clk 0:03:19]} Kb7 {[%clk 0:11:20]} 22. g4 {[%clk 0:03:01]} Qd8
{[%clk 0:10:55]} 23. g5 {[%clk 0:02:50]} Nd7 {[%clk 0:10:51]} 24. f4
{[%clk 0:02:49]} Bf8 {[%clk 0:10:14]} 25. Rf1 {[%clk 0:02:35]} Qe7
{[%clk 0:09:46]} 26. f5 {[%clk 0:02:28]} Rg8 {[%clk 0:09:11]} 27. fxg6
{[%clk 0:02:04]} fxg6 {[%clk 0:09:06]} 28. Qh3 {[%clk 0:01:58]} Bg7
{[%clk 0:08:57]} 29. Qe6 {[%clk 0:01:30]} Qxe6 {[%clk 0:08:00]} 30. dxe6
{[%clk 0:01:28]} Nf8 {[%clk 0:07:58]} 31. Rf7+ {[%clk 0:01:26]} Ka6
{[%clk 0:07:25]} 32. e7 {[%clk 0:01:24]} Ne6 {[%clk 0:07:25]} 33. Nb5
{[%clk 0:01:22]} Nc6 {[%clk 0:06:56]} 34. Nxd6 {[%clk 0:01:19]} Nc7
{[%clk 0:06:36]} 35. Nc3 {[%clk 0:01:16]} Ne8 {[%clk 0:05:52]} 36. Ncb5
{[%clk 0:01:15]} Nxe7 {[%clk 0:05:47]} 37. Nxe8 {[%clk 0:01:01]} Rd8+
{[%clk 0:05:33]} 38. Kc3 {[%clk 0:01:00]} 1-0

[Event "2012"]
[Site "Pyhajarve"]
[Date "2012.11.25"]
[Round "20.1"]
[White "VALGMAE, Toomas"]
[Black "SHORT, Nigel"]
[Result "1/2-1/2"]
[LiveChessVersion "1.3.1"]
[BlackElo "2702"]
[WhiteElo "2257"]

1. d4 {[%clk 0:13:58]} e6 {[%clk 0:06:00]} 2. c4 {[%clk 0:13:56]} b6
{[%clk 0:05:59]} 3. Nf3 {[%clk 0:13:54]} Bb7 {[%clk 0:05:58]} 4. g3
{[%clk 0:13:53]} Bb4+ {[%clk 0:05:56]} 5. Nbd2 {[%clk 0:13:51]} c5
{[%clk 0:05:43]} 6. dxc5 {[%clk 0:13:43]} Bxc5 {[%clk 0:05:41]} 7. Bg2
{[%clk 0:13:41]} Nf6 {[%clk 0:05:40]} 8. O-O {[%clk 0:13:38]} O-O
{[%clk 0:05:38]} 9. Nb3 {[%clk 0:13:10]} Be7 {[%clk 0:05:35]} 10. Bf4
{[%clk 0:12:12]} d6 {[%clk 0:05:34]} 11. Rc1 {[%clk 0:11:55]} h6 {[%clk 0:05:30]}
12. h3 {[%clk 0:11:27]} e5 {[%clk 0:05:26]} 13. Be3 {[%clk 0:11:18]} Qc7
{[%clk 0:05:23]} 14. Nh4 {[%clk 0:10:21]} Bxg2 {[%clk 0:05:20]} 15. Nxg2
{[%clk 0:09:51]} Nbd7 {[%clk 0:05:19]} 16. f3 {[%clk 0:09:38]} Qb7
{[%clk 0:04:43]} 17. Bf2 {[%clk 0:09:16]} d5 {[%clk 0:04:41]} 18. cxd5
{[%clk 0:09:10]} Nxd5 {[%clk 0:04:39]} 19. e4 {[%clk 0:09:02]} N5f6
{[%clk 0:04:38]} 20. Ne3 {[%clk 0:08:55]} Rfd8 {[%clk 0:04:37]} 21. Qe2
{[%clk 0:08:52]} Nc5 {[%clk 0:04:26]} 22. Nxc5 {[%clk 0:08:30]} Bxc5
{[%clk 0:04:25]} 23. Rfd1 {[%clk 0:08:28]} g6 {[%clk 0:04:14]} 24. Rd3
{[%clk 0:07:46]} h5 {[%clk 0:04:07]} 25. Rcd1 {[%clk 0:07:39]} Rxd3
{[%clk 0:04:05]} 26. Qxd3 {[%clk 0:07:38]} Kg7 {[%clk 0:03:58]} 27. Nd5
{[%clk 0:07:00]} Bxf2+ {[%clk 0:03:56]} 28. Kxf2 {[%clk 0:06:59]} Rd8
{[%clk 0:03:54]} 29. g4 {[%clk 0:06:38]} hxg4 {[%clk 0:03:39]} 30. hxg4
{[%clk 0:06:36]} Nxd5 {[%clk 0:03:38]} 31. exd5 {[%clk 0:06:35]} Qe7
{[%clk 0:03:37]} 32. Kg2 {[%clk 0:06:20]} Qh4 {[%clk 0:03:29]} 33. Qe3
{[%clk 0:05:16]} Qf6 {[%clk 0:03:21]} 34. Qe4 {[%clk 0:04:32]} Qd6
{[%clk 0:03:12]} 35. a3 {[%clk 0:04:21]} a5 {[%clk 0:03:12]} 36. g5
{[%clk 0:04:08]} Qe7 {[%clk 0:03:05]} 37. Qg4 {[%clk 0:04:02]} Qc5
{[%clk 0:02:59]} 38. Qe4 {[%clk 0:03:53]} Qd6 {[%clk 0:02:58]} 39. Kg3
{[%clk 0:03:42]} b5 {[%clk 0:02:56]} 40. b4 {[%clk 0:03:37]} a4 {[%clk 0:02:52]}
41. f4 {[%clk 0:03:29]} exf4+ {[%clk 0:02:48]} 42. Qxf4 {[%clk 0:03:28]} Qe7
{[%clk 0:02:26]} 43. d6 {[%clk 0:03:23]} Qe6 {[%clk 0:02:25]} 44. Qd4+
{[%clk 0:03:13]} Kg8 {[%clk 0:02:24]} 45. d7 {[%clk 0:03:06]} Qe7
{[%clk 0:02:21]} 46. Kf4 {[%clk 0:02:58]} Qe6 {[%clk 0:02:14]} 47. Qe5
{[%clk 0:01:34]} Qb6 {[%clk 0:02:09]} 48. Qe8+ {[%clk 0:01:18]} Kg7
{[%clk 0:02:08]} 49. Qe5+ {[%clk 0:01:10]} Kg8 {[%clk 0:02:07]} 50. Qe8+
{[%clk 0:01:03]} Kg7 {[%clk 0:02:06]} 51. Qe5+ 1/2-1/2

[Event "2012"]
[Site "Pyhajarve"]
[Date "2012.11.25"]
[Round "20.2"]
[White "VIHMAND, Ants"]
[Black "MIEZIS, Normunds"]
[Result "0-1"]
[LiveChessVersion "1.3.1"]
[BlackElo "2512"]
[WhiteElo "2176"]

1. e4 {[%clk 0:13:57]} c5 {[%clk 0:05:58]} 2. d4 {[%clk 0:13:56]} cxd4
{[%clk 0:05:56]} 3. c3 {[%clk 0:13:56]} dxc3 {[%clk 0:05:53]} 4. Bc4
{[%clk 0:13:53]} e6 {[%clk 0:05:49]} 5. Nxc3 {[%clk 0:13:50]} a6 {[%clk 0:05:47]}
6. Nf3 {[%clk 0:13:49]} Nc6 {[%clk 0:05:22]} 7. O-O {[%clk 0:13:47]} Nge7
{[%clk 0:05:12]} 8. Bg5 {[%clk 0:13:33]} f6 {[%clk 0:04:57]} 9. Be3
{[%clk 0:13:11]} b5 {[%clk 0:04:37]} 10. Bb3 {[%clk 0:12:54]} Ng6
{[%clk 0:04:32]} 11. Qe2 {[%clk 0:12:49]} Bd6 {[%clk 0:04:14]} 12. Rfd1
{[%clk 0:12:46]} Qe7 {[%clk 0:04:06]} 13. g3 {[%clk 0:12:11]} O-O
{[%clk 0:03:59]} 14. h4 {[%clk 0:11:39]} Kh8 {[%clk 0:03:46]} 15. h5
{[%clk 0:11:36]} Nge5 {[%clk 0:03:42]} 16. Nh4 {[%clk 0:11:35]} Bc5
{[%clk 0:02:53]} 17. Rac1 {[%clk 0:11:03]} Bxe3 {[%clk 0:02:46]} 18. Qxe3
{[%clk 0:10:57]} Qe8 {[%clk 0:02:42]} 19. f4 {[%clk 0:10:43]} Ng4
{[%clk 0:02:33]} 20. Qf3 {[%clk 0:10:25]} Qxh5 {[%clk 0:02:22]} 21. Kg2
{[%clk 0:09:56]} g5 {[%clk 0:01:59]} 22. Rh1 {[%clk 0:09:47]} Nd4
{[%clk 0:01:50]} 23. Ng6+ {[%clk 0:07:44]} Qxg6 {[%clk 0:01:47]} 24. Qxg4
{[%clk 0:07:42]} Bb7 {[%clk 0:01:39]} 25. Bd5 exd5 {[%clk 0:01:31]} 26. f5
{[%clk 0:06:52]} Qg7 {[%clk 0:01:19]} 27. Rcd1 {[%clk 0:05:54]} b4
{[%clk 0:01:10]} 28. Na4 {[%clk 0:05:44]} Nc6 {[%clk 0:01:06]} 29. Nc5
{[%clk 0:05:42]} Ne5 {[%clk 0:01:05]} 30. Qe2 {[%clk 0:05:29]} Rab8
{[%clk 0:00:59]} 31. Rh5 {[%clk 0:05:22]} dxe4 {[%clk 0:00:52]} 32. Rdh1
{[%clk 0:05:17]} e3+ {[%clk 0:00:50]} 33. Nxb7 {[%clk 0:05:16]} Rxb7
{[%clk 0:00:49]} 34. Qxa6 {[%clk 0:05:08]} Rc7 {[%clk 0:00:36]} 35. g4
{[%clk 0:04:52]} Rcc8 {[%clk 0:00:34]} 36. Qd6 {[%clk 0:04:46]} e2
{[%clk 0:00:31]} 37. Re1 {[%clk 0:04:28]} Nxg4 {[%clk 0:00:24]} 38. Rxe2
{[%clk 0:04:23]} Rfe8 {[%clk 0:00:23]} 39. Qd2 {[%clk 0:04:09]} Qf7
{[%clk 0:00:20]} 40. Rxg5 {[%clk 0:03:56]} fxg5 {[%clk 0:00:17]} 41. Qd4+
{[%clk 0:03:56]} Nf6 {[%clk 0:00:15]} 42. Rd2 {[%clk 0:03:52]} Re4
{[%clk 0:00:13]} 43. Qd6 {[%clk 0:03:45]} Rce8 {[%clk 0:00:12]} 44. Rf2
{[%clk 0:03:43]} Rg4+ {[%clk 0:00:11]} 45. Kf3 {[%clk 0:03:41]} h5
{[%clk 0:00:09]} 46. Rh2 {[%clk 0:03:34]} Kg7 {[%clk 0:00:08]} 47. Qd3
{[%clk 0:03:29]} Qxa2 {[%clk 0:00:06]} 48. Rxh5 {[%clk 0:03:26]} Qa8+
{[%clk 0:00:05]} 49. Kf2 {[%clk 0:03:09]} Qg2# {[%clk 0:00:03]} 0-1

[Event "2012"]
[Site "Pyhajarve"]
[Date "2012.11.25"]
[Round "20.4"]
[White "KULAOTS, Kaido"]
[Black "LEITO, Priit"]
[Result "1/2-1/2"]
[LiveChessVersion "1.3.1"]
[BlackElo "2333"]
[WhiteElo "2537"]

1. e4 {[%clk 0:07:59]} c5 {[%clk 0:11:59]} 2. Nf3 {[%clk 0:07:58]} e6
{[%clk 0:11:58]} 3. d4 {[%clk 0:07:57]} cxd4 {[%clk 0:11:57]} 4. Nxd4
{[%clk 0:07:56]} Nc6 {[%clk 0:11:55]} 5. Nb5 {[%clk 0:07:53]} d6 {[%clk 0:11:52]}
6. Bf4 {[%clk 0:07:52]} e5 {[%clk 0:11:42]} 7. Be3 {[%clk 0:07:51]} a6
{[%clk 0:10:55]} 8. N5c3 {[%clk 0:07:49]} Nf6 {[%clk 0:10:24]} 9. Bg5
{[%clk 0:07:43]} Be7 {[%clk 0:10:11]} 10. Nd2 {[%clk 0:07:40]} O-O
{[%clk 0:09:49]} 11. Bxf6 {[%clk 0:07:21]} Bxf6 {[%clk 0:09:48]} 12. Nc4
{[%clk 0:07:20]} Be7 {[%clk 0:08:29]} 13. Nd5 {[%clk 0:06:49]} Be6
{[%clk 0:08:28]} 14. Ncb6 {[%clk 0:06:25]} Rb8 {[%clk 0:08:21]} 15. c3
{[%clk 0:06:23]} Re8 {[%clk 0:06:19]} 16. Be2 {[%clk 0:06:11]} Bf8
{[%clk 0:06:18]} 17. O-O {[%clk 0:06:05]} g6 {[%clk 0:06:12]} 18. Qd3
{[%clk 0:05:55]} f5 {[%clk 0:05:53]} 19. Rad1 {[%clk 0:05:48]} f4
{[%clk 0:05:26]} 20. Kh1 {[%clk 0:04:49]} Qg5 {[%clk 0:04:50]} 21. Nc7
{[%clk 0:04:39]} Re7 {[%clk 0:04:19]} 22. Nxe6 {[%clk 0:04:35]} Rxe6
{[%clk 0:04:18]} 23. Qh3 {[%clk 0:04:05]} Ree8 {[%clk 0:03:29]} 24. Bc4+
{[%clk 0:03:51]} Kh8 {[%clk 0:03:28]} 25. Nd5 {[%clk 0:03:42]} Qd8
{[%clk 0:03:11]} 26. b4 {[%clk 0:03:20]} Bg7 {[%clk 0:02:59]} 27. Bb3
{[%clk 0:03:11]} Ne7 {[%clk 0:02:51]} 28. Rd3 {[%clk 0:03:00]} Nxd5
{[%clk 0:02:44]} 29. Bxd5 {[%clk 0:02:57]} Re7 {[%clk 0:02:40]} 30. Qg4
{[%clk 0:02:50]} Rc7 {[%clk 0:02:28]} 31. a4 {[%clk 0:02:31]} Qe7
{[%clk 0:02:25]} 32. h3 {[%clk 0:02:28]} Rbc8 {[%clk 0:02:22]} 33. Qf3
{[%clk 0:02:25]} Rf8 {[%clk 0:02:12]} 34. Rfd1 {[%clk 0:02:23]} Rd8
{[%clk 0:02:08]} 35. a5 {[%clk 0:02:22]} h5 {[%clk 0:02:00]} 36. R1d2
{[%clk 0:02:11]} Rdc8 {[%clk 0:01:59]} 37. Bb3 {[%clk 0:02:01]} Rd8
{[%clk 0:01:57]} 38. Qd1 {[%clk 0:01:59]} Bf8 {[%clk 0:01:54]} 39. c4
{[%clk 0:01:49]} d5 {[%clk 0:01:18]} 40. Rxd5 {[%clk 0:01:38]} Rxd5
{[%clk 0:01:17]} 41. Rxd5 {[%clk 0:01:17]} Qxb4 {[%clk 0:01:16]} 42. Rxe5
{[%clk 0:01:16]} Kg7 {[%clk 0:01:02]} 43. Rd5 {[%clk 0:01:15]} Bc5
{[%clk 0:00:55]} 44. Qa1+ {[%clk 0:01:09]} Kh7 {[%clk 0:00:52]} 45. Rd8
{[%clk 0:01:07]} Rg7 {[%clk 0:00:48]} 46. e5 {[%clk 0:00:54]} Qxb3
{[%clk 0:00:43]} 47. e6 {[%clk 0:00:53]} Qxc4 {[%clk 0:00:39]} 48. Qe1
{[%clk 0:00:45]} f3 {[%clk 0:00:35]} 49. gxf3 {[%clk 0:00:39]} Qf4
{[%clk 0:00:29]} 50. Qe4 {[%clk 0:00:36]} Qxe4 {[%clk 0:00:24]} 51. fxe4
{[%clk 0:00:35]} Re7 {[%clk 0:00:24]} 52. Rd7 {[%clk 0:00:33]} 1/2-1/2

[Event "2012"]
[Site "Pyhajarve"]
[Date "2012.11.25"]
[Round "20.5"]
[White "VOLODIN, Aleksandr"]
[Black "SEPP, Olav"]
[Result "1-0"]
[LiveChessVersion "1.3.1"]
[BlackElo "2446"]
[WhiteElo "2446"]

1. d4 {[%clk 0:07:58]} Nf6 {[%clk 0:12:00]} 2. c4 g6 3. Nf3 {[%clk 0:07:47]} Bg7
{[%clk 0:11:58]} 4. g3 {[%clk 0:07:47]} O-O {[%clk 0:11:57]} 5. Bg2
{[%clk 0:07:46]} d6 {[%clk 0:11:56]} 6. O-O Nbd7 7. b3 {[%clk 0:07:43]} e5
{[%clk 0:11:33]} 8. Bb2 {[%clk 0:07:42]} e4 {[%clk 0:10:38]} 9. Ng5
{[%clk 0:07:41]} Re8 {[%clk 0:10:36]} 10. Nc3 {[%clk 0:07:38]} e3
{[%clk 0:10:28]} 11. f4 {[%clk 0:07:38]} c6 {[%clk 0:09:29]} 12. d5
{[%clk 0:07:30]} c5 {[%clk 0:08:59]} 13. h3 {[%clk 0:06:57]} h6 {[%clk 0:08:49]}
14. Nf3 {[%clk 0:06:52]} a6 {[%clk 0:07:57]} 15. a4 {[%clk 0:06:45]} Qe7
{[%clk 0:07:45]} 16. Ne1 {[%clk 0:06:15]} Rb8 {[%clk 0:07:30]} 17. Nc2
{[%clk 0:05:42]} Nf8 {[%clk 0:04:30]} 18. Rf3 {[%clk 0:05:36]} Bf5
{[%clk 0:04:18]} 19. Nxe3 {[%clk 0:05:23]} Be4 {[%clk 0:04:06]} 20. Nxe4
{[%clk 0:04:58]} Nxe4 {[%clk 0:04:04]} 21. Bxg7 {[%clk 0:04:52]} Kxg7
{[%clk 0:04:04]} 22. Qc2 {[%clk 0:04:16]} Qf6 {[%clk 0:03:58]} 23. Rd1
{[%clk 0:04:03]} b5 {[%clk 0:03:53]} 24. f5 {[%clk 0:03:50]} Qc3 {[%clk 0:03:05]}
25. fxg6 {[%clk 0:03:47]} fxg6 {[%clk 0:02:55]} 26. Nf5+ {[%clk 0:03:45]} gxf5
{[%clk 0:02:50]} 27. Rxc3 {[%clk 0:03:42]} Nd7 {[%clk 0:02:39]} 28. Rf3
{[%clk 0:03:34]} Ne5 {[%clk 0:02:36]} 29. Rxf5 {[%clk 0:03:28]} Nxg3
{[%clk 0:02:36]} 30. Kh2 {[%clk 0:03:05]} Nxf5 {[%clk 0:02:34]} 31. Qxf5
{[%clk 0:03:03]} Rf8 {[%clk 0:02:33]} 32. Qe6 {[%clk 0:02:50]} Rbd8
{[%clk 0:02:04]} 33. Rg1 {[%clk 0:02:48]} Rf6 {[%clk 0:01:40]} 34. Be4+
{[%clk 0:02:44]} 1-0